| 000 | 01131nam a2200301 c 4500 | ||
|---|---|---|---|
| 999 |
_c2930 _d2930 |
||
| 003 | BLK | ||
| 005 | 20201021111319.0 | ||
| 008 | 180412b bul|||||r ||||||| ||bul|| | ||
| 010 | _aKNG00003961000 | ||
| 040 | _aBLK | ||
| 041 |
_aBUL _cBUL |
||
| 080 |
_aПазар. Анализ на пазара. Търсене. Предлагане. Конкуренция. Маркетингова логистика _b339.13 _z339.13 |
||
| 100 | 1 |
_aХейг, Пол _eпърви автор _9246528 |
|
| 139 |
_aХейг, Пол _bХ 38 |
||
| 245 | 1 | 0 |
_aИзготвяне на маркетинговия въпросник _cПол Хейг. |
| 257 | _aGBR | ||
| 260 |
_bДелфин прес _c1994 _fРусе : Дунав прес |
||
| 300 |
_a113 с. _bс табл. _c23 см |
||
| 380 | _a3 | ||
| 490 | 1 |
_aМаркетингът под лупа _v1 |
|
| 500 | _aОриг. загл. Questionnaire design / Paul Hague. - 1 000 тир. | ||
| 650 | 4 |
_aМаркетинг _9161163 |
|
| 852 | _aЦб 179236 | ||
| 856 | 4 |
_qpdf _u |
|
| 856 | 4 |
_qpdf _u |
|
| 942 |
_cKNG _n0 _s1 _01 |
||
| 944 |
_aCR _c15.01.2003 _kКети_Илиева |
||
| 944 |
_aED _c26.11.2012 |
||
| 999 | _d2930 | ||